Các phương pháp đúc đặc biệt

Giáo trình cung cấp cho bạn đọc một số phương pháp đúc đặt biệt hiện đang được áp dụng rộng rãi ở Việt Nam. Đúc đặt biệt gồm hai loại công nghệ đặc biệt: Đặc biệt về nguyên liệu và công nghệ làm khuôn có thể kể đến khuôn mẫu cha...

全面介紹

Đã lưu trong:
書目詳細資料
主要作者: Nguyễn, Hữu Dũng
格式: 圖書
語言:Undetermined
出版: Hà Nội Khoa học và kỹ thuật 2006
主題:
標簽: 添加標簽
沒有標簽, 成為第一個標記此記錄!
Thư viện lưu trữ: Trung tâm Học liệu Trường Đại học Cần Thơ
LEADER 01315nam a2200205Ia 4500
001 CTU_123430
008 210402s9999 xx 000 0 und d
020 |c 45000 
082 |a 671.2 
082 |b D513 
100 |a Nguyễn, Hữu Dũng 
245 0 |a Các phương pháp đúc đặc biệt 
245 0 |c Nguyễn Hữu Dũng 
260 |a Hà Nội 
260 |b Khoa học và kỹ thuật 
260 |c 2006 
520 |a Giáo trình cung cấp cho bạn đọc một số phương pháp đúc đặt biệt hiện đang được áp dụng rộng rãi ở Việt Nam. Đúc đặt biệt gồm hai loại công nghệ đặc biệt: Đặc biệt về nguyên liệu và công nghệ làm khuôn có thể kể đến khuôn mẫu chảy, khuôn mẫu cháy, khuôn vỏ gốm, khuôn làm theo phương pháp A, N,D,C,CO2; Đặc biệt về cách điền đầy và tạo hình vật đúc đó là đúc áp lực cao, đúc áp lực thấp, đúc kháng áp, đúc ly tâm, đúc hút chân không, đúc bán lỏng.... 
650 |a Metal-work,Molding (Founding) 
904 |i Tuyến, pha 
980 |a Trung tâm Học liệu Trường Đại học Cần Thơ